000 00566nam a2200169Ia 4500
008 090711s9999 xx 000 0 und d
082 _b55856
100 _aश्रीवास्तव लीला
245 _aफाशी गेलेली उन्हं
260 _c1983
300 _a184
600 _aश्रीवास्तव लीला
630 _aफाशी गेलेली उन्हं
700 _aश्रीवास्तव लीला
730 _aफाशी गेलेली उन्हं
942 _cBOOK
999 _c310025
_d310025